000 00352nam a2200133Ia 4500
003 GCL
008 140319s9999 xx 000 0 eng d
040 _aGCL /
_cGCL
082 0 4 _a792
_bM S
100 1 _aMELROSE, SUSAN
245 1 0 _aA SEMIOTICS OF THE DRAMATIC TEXT /
_cMELROSE, SUSAN
260 _a[S.N] :
_bMACMILLAN PRESS LTD ،
_c1994
300 _a338
999 _c24864
_d24864